| 000 | 01073nam a2200265 a 4500 | ||
|---|---|---|---|
| 001 | 85235 | ||
| 003 | BD-RjUL | ||
| 005 | 20250717155755.0 | ||
| 008 | 250717s2023 bg a|||| m||| 00| 0 eng d | ||
| 035 | _a(BD-RjUL) | ||
| 040 |
_aBD-RjUL _beng _cBD-RjUL _dBD-RjUL |
||
| 041 | _aeng | ||
| 082 |
_223 _a551.6 _bAME 2023 |
||
| 100 | _aAmin, Md. Ruhul | ||
| 245 | 1 | 0 |
_aEffect of weather conditions on stroke and its management using physiotherapy / _cBy Md. Ruhul Amin ; _6PrincipSupervisior : Md. Redwanur Rahman, Co-Supervisor : Md. Nurul Islam, & Md. Moniruzzaman |
| 260 |
_aRajshahi : _bInstitute of Environmental Science, University of Rajshahi, _c2023 |
||
| 300 |
_axxvi, 322 leaves : _bill, ; _c29.cm. |
||
| 502 | _aThesis (Ph.D.) -- Institute of Environmental Science, University of Rajshahi 2023 | ||
| 504 | _aReferences : Leaves 232 - 281 | ||
| 650 |
_aWeather _vManagement _916088 |
||
| 700 |
_aRahman, Md. Redwanur, Supervisior _916089 |
||
| 700 |
_aIslam, Md. Nurul, Co-Supervisor _95809 |
||
| 700 |
_aMoniruzzaman, Md. Co-Supervisor _98568 |
||
| 942 |
_2ddc _cTHE |
||
| 999 |
_c85235 _d85235 |
||